Word Scramble Geography by Letter - Y - Statistics

General Stats
  • This quiz has been taken 286 times
  • The average score is 4 of 5
Answer Stats
Answer % Correct
Yemen
96%
Yellow
95%
York
95%
Yerevan
90%
Yukon
84%
Yucatan
81%
Yaren
78%
Yellowstone
78%
Yaounde
77%
Yosemite
76%
Yugoslavia
76%
Yangtze
73%
Yokohama
68%
Yiddish
67%
Yamoussoukro
65%
Yangon
59%
Yoruba
46%
Yekaterinburg
40%
No matching quizzes found
Score Distribution
Percent of People with Each Score
Percentile by Number Answered
Your Score History
You have not taken this quiz